Jeux d'echelles : la micro-analyse a l'experience
Αποθηκεύτηκε σε:
| Συγγραφή απο Οργανισμό/Αρχή: | |
|---|---|
| Άλλοι συγγραφείς: | |
| Μορφή: | Βιβλίο |
| Γλώσσα: | French |
| Δημοσίευση: |
Paris :
Seuil/Gallimard,
c1996
|
| Σειρά: | Hautes etudes
|
| Θέματα: | |
| Ετικέτες: |
Προσθήκη ετικέτας
Δεν υπάρχουν, Καταχωρήστε ετικέτα πρώτοι!
|
MARC
| LEADER | 00000nam a2200000 i 4500 | ||
|---|---|---|---|
| 001 | 1/71030 | ||
| 008 | 080117s1996 fre d | ||
| 020 | |a 978-2-02-028773-9 | ||
| 035 | |l 10093815 | ||
| 040 | |a GR-MY-UA |b gre |e aacr | ||
| 041 | 0 | |a fre | |
| 082 | 0 | |a 301 |2 (22) | |
| 245 | 1 | 0 | |a Jeux d'echelles : |b la micro-analyse a l'experience / |c textes rassembles et presentes par Jacques Revel |
| 260 | |a Paris : |b Seuil/Gallimard, |c c1996 | ||
| 300 | |a 243 σ.; |c 25 εκ. | ||
| 490 | 1 | |a Hautes etudes | |
| 500 | |a Βασισμένο στην διάσκεψη που πραγματοποιήθηκε από την Ecolo des hautes en sciences sociales το 1991 | ||
| 504 | |a Περιέχει βιβλιογραφικές παραπομπές | ||
| 650 | 0 | 0 | |a Scaling (Social sciences) |x Congresses. |
| 700 | 1 | |a Revel, Jacques |d 1942- |4 edt | |
| 710 | 2 | |a Ecole des hautes etudes en sciences sociales. | |
| 830 | 0 | |a Hautes etudes | |
| 852 | |a INST |b LESVOS |e 20080117 |h 301 JEU |p 005100040276 |q 005100040276 |t BK |y 0 | ||
| 901 | |a BIBL1-2008-1 | ||
| 909 | |a Λ |b 142869 | ||
| 922 | |a 1ΕΛΗ |b 200712 |c ΕΠΕΑΕΚ2/ΤΚΑ |d ΕΛΕΥΘΕΡΟΥΔΑΚΗΣ | ||
| 970 | |a ΚΑΡΑ |b ΓΙΑΣΕΜΗ |z 2008/01/17 | ||